| 000 | 00411nam a2200169Ia 4500 | ||
|---|---|---|---|
| 008 | 180424s9999 xx 000 0 und d | ||
| 084 | _a307 M2 | ||
| 100 | _a"Moffatt, Maurice P" | ||
| 245 | 0 | _aSocial Studies Instruction | |
| 250 | _a\\195400ENGGPSX | ||
| 260 | _aPrentice Hall | ||
| 260 | _b1954 | ||
| 260 | _cNEW JERSEY | ||
| 300 | _aix+559p | ||
| 500 | _aincludes index and biblioraphy | ||
| 942 | _cBK | ||
| 999 |
_c10493 _d10493 |
||